|
|
|
|
| LEADER |
00000cab a2200000 a 4500 |
| 001 |
vtls000226629 |
| 003 |
SK-MaSNL |
| 005 |
20260304231549.0 |
| 008 |
111130|1985 xo | || || | 0| ukr |
| 015 |
|
|
|a SNBRB19rr/mm-uuuuu
|
| 035 |
|
|
|a CL0236743
|
| 040 |
|
|
|a SNKBUCL
|b slo
|c SNKBUCL
|e AACR2
|
| 041 |
1 |
|
|a ukr
|h slo
|
| 044 |
|
|
|a xo
|c SK
|
| 080 |
|
|
|a 885.4-1=83
|2 1981
|
| 100 |
1 |
|
|a Smrek, Ján,
|d 1898-1982
|4 aut
|9 106970
|
| 245 |
1 |
0 |
|a Melodija 1943 roku
|c Jan Smrek ; pereklav Serhij Makara
|
| 655 |
|
7 |
|a články z novín a časopisov
|2 snkbucl
|9 267496
|
| 655 |
|
7 |
|a články z odboru literárna veda a krásna literatúra
|2 snkbucl
|9 770045
|
| 655 |
|
7 |
|a slovenská poézia
|2 snkbucl
|9 70444
|
| 700 |
1 |
|
|a Makara, Sergej,
|d 1937-2022
|4 trl
|9 86033
|
| 773 |
0 |
|
|t Družno vpered
|g Roč. 35, č. 6 (1985), s. 26
|
| 850 |
|
|
|a Slovenská národná knižnica
|
| 852 |
|
|
|a Slovenská národná knižnica
|
| 958 |
|
|
|a RK
|
| 958 |
|
|
|a LX
|
| 992 |
|
|
|a RBX
|
| 999 |
|
|
|c 3189367
|d 3191297
|